[Event "Orsha 2017 Masters"]
[Site "Orsha"]
[Date "2017.01.23"]
[Round "6.3"]
[White "Shvyrjov, Igor"]
[Black "Martynyuk, Elizaveta"]
[Result "1-0"]
[WhiteElo "2410"]
[BlackElo "2171"]
[PlyCount "75"]
[EventDate "2017.01.20"]

1. Nf3 d5 2. g3 Nf6 3. Bg2 Bf5 4. c4 c6 5. b3 e6 6. Bb2 h6 7. O-O Bd6 8. d3 O-O
9. Nbd2 Bh7 10. h3 a5 11. a3 Nbd7 12. Re1 e5 13. e4 dxe4 14. dxe4 Qe7 15. Nh4
Nc5 16. Qc2 Rad8 17. b4 axb4 18. Nf5 Bxf5 19. exf5 bxa3 20. Bxa3 Na6 21. Bb2
Rfe8 22. Bc3 Qd7 23. Nf3 Qc7 24. Qb2 Nd7 25. Ba5 b6 26. Bxb6 Nxb6 27. Rxa6 Nxc4
28. Qe2 e4 29. Nd2 Na3 30. Nxe4 Nb5 31. Qc4 Qd7 32. f6 g6 33. Rd1 Rc8 34. h4
Qg4 35. f3 Rxe4 36. Qxe4 Qxg3 37. Rxc6 Rxc6 38. Qe8+ 1-0

[Event "Orsha 2017 Masters"]
[Site "Orsha"]
[Date "2017.01.23"]
[Round "6.4"]
[White "Yashmetov, Mikhail"]
[Black "Drogovoz, Irina"]
[Result "1-0"]
[WhiteElo "2277"]
[BlackElo "2193"]
[PlyCount "97"]
[EventDate "2017.01.20"]

1. Nf3 Nf6 2. c4 g6 3. Nc3 d5 4. cxd5 Nxd5 5. g3 Bg7 6. Bg2 O-O 7. O-O c5 8. d4
cxd4 9. Nxd4 Nxc3 10. bxc3 Qa5 11. Qb3 Nc6 12. Bxc6 bxc6 13. Nxc6 Qc5 14. Qd5
Qxd5 15. Nxe7+ Kh8 16. Nxd5 Ba6 17. Nf4 Rfc8 18. Be3 Rxc3 19. Rac1 Ra3 20. Rc2
Ra4 21. Rd1 Be5 22. Rd7 Bc4 23. Bd4 Bxd4 24. Rxd4 Bb3 25. Rxa4 Bxc2 26. Rc4 Bb1
27. a3 Re8 28. h4 h6 29. Rc1 g5 30. hxg5 hxg5 31. Nd5 Bg6 32. Ne3 Re6 33. Rc5
Ra6 34. Nc4 Ra4 35. Ne5 Bh5 36. Kf1 f6 37. Rc8+ Kg7 38. Rc7+ Kh8 39. Nd7 Rxa3
40. Nxf6 Ra1+ 41. Kg2 Bg6 42. e4 Ra6 43. e5 Re6 44. f4 gxf4 45. gxf4 Ra6 46.
Kg3 Ra1 47. e6 Ra6 48. Kh4 Rxe6 49. Kg5 1-0

[Event "Orsha 2017 Masters"]
[Site "Orsha"]
[Date "2017.01.23"]
[Round "6.5"]
[White "Kononenko, Dmitry"]
[Black "Timerkhanov, Alexander"]
[Result "0-1"]
[WhiteElo "2280"]
[BlackElo "2360"]
[PlyCount "130"]
[EventDate "2017.01.20"]

1. Nf3 d5 2. c4 d4 3. b4 a5 4. b5 c5 5. bxc6 Nxc6 6. g3 e5 7. d3 Bb4+ 8. Bd2
Nf6 9. Bg2 O-O 10. O-O Nd7 11. Ng5 Be7 12. f4 Bxg5 13. fxg5 Nc5 14. Na3 Be6 15.
Nb5 Qd7 16. Bc1 Nb4 17. Ba3 Nba6 18. Qd2 b6 19. Rad1 Rad8 20. h4 Bh3 21. Kh2
Bxg2 22. Kxg2 Qc6+ 23. Kh2 f5 24. gxf6 Rxf6 25. Qg5 Rdf8 26. Kg1 Qe6 27. Rxf6
Rxf6 28. Rf1 Rxf1+ 29. Kxf1 h6 30. Qd8+ Kh7 31. Qd5 Qh3+ 32. Qg2 Qf5+ 33. Qf2
Qh3+ 34. Qg2 Qg4 35. Nd6 Nb4 36. Bxb4 axb4 37. Qf2 Na4 38. Nf7 Qe6 39. Nd8 Qh3+
40. Ke1 Nc3 41. Qf3 Qd7 42. Nf7 Qe6 43. Nd8 Qf6 44. Nc6 Nxa2 45. Qe4+ Qg6 46.
Qxg6+ Kxg6 47. Nxe5+ Kh5 48. Kd2 b3 49. g4+ Kxh4 50. Nf3+ Kxg4 51. Nxd4 h5 52.
Nxb3 h4 53. c5 bxc5 54. Nxc5 h3 55. Ne4 h2 56. d4 Kh3 57. Ke3 Kg2 58. Nf2 Nc3
59. Nh1 Nd1+ 60. Kd2 Kxh1 61. d5 Kg2 62. d6 h1=Q 63. d7 Qh6+ 64. Ke1 Qc1 65. e4
Nc3# 0-1

[Event "Orsha 2017 Masters"]
[Site "Orsha"]
[Date "2017.01.24"]
[Round "7.1"]
[White "Timerkhanov, Alexander"]
[Black "Goltseva, Ekaterina"]
[Result "1-0"]
[WhiteElo "2360"]
[BlackElo "2129"]
[PlyCount "89"]
[EventDate "2017.01.20"]

1. d4 d5 2. Nf3 Nf6 3. g3 c6 4. Bg2 Bf5 5. O-O e6 6. Nbd2 h6 7. c4 Be7 8. b3
O-O 9. Bb2 Nbd7 10. Ne5 Bh7 11. Qc1 Rc8 12. Bc3 Ne4 13. Nxe4 dxe4 14. Qb2 f6
15. Nxd7 Qxd7 16. Rad1 Rfd8 17. e3 b5 18. Qe2 Qb7 19. f3 c5 20. Bh3 Bf5 21.
Bxf5 exf5 22. d5 b4 23. Ba1 Qd7 24. Qc2 Bd6 25. fxe4 Re8 26. Rxf5 Qc7 27. e5
fxe5 28. Qe4 g6 29. Rf3 Qg7 30. Rdf1 Rf8 31. Qg4 Rce8 32. Rxf8+ Bxf8 33. Kg2
Bd6 34. h4 Kh7 35. h5 gxh5 36. Qxh5 Re7 37. Qf5+ Qg6 38. Qxg6+ Kxg6 39. Rf8 Rd7
40. Re8 Kf5 41. Kf3 e4+ 42. Rxe4 Bxg3 43. Re6 Be1 44. Bf6 Rf7 45. Bd8 1-0

[Event "Orsha 2017 Masters"]
[Site "Orsha"]
[Date "2017.01.24"]
[Round "7.2"]
[White "Drogovoz, Irina"]
[Black "Kononenko, Dmitry"]
[Result "1-0"]
[WhiteElo "2193"]
[BlackElo "2280"]
[PlyCount "75"]
[EventDate "2017.01.20"]

1. d4 Nf6 2. c4 c5 3. d5 b5 4. cxb5 a6 5. bxa6 g6 6. Nc3 Bg7 7. Nf3 O-O 8. e4
Qa5 9. Bd2 Bxa6 10. Be2 Bxe2 11. Qxe2 Qa6 12. Qxa6 Nxa6 13. O-O Rfb8 14. Rfb1
e6 15. a4 exd5 16. exd5 Nb4 17. Bf4 Rb7 18. Rd1 c4 19. Ne1 Ra5 20. d6 Nfd5 21.
Bd2 Ra6 22. g3 f5 23. a5 Nxc3 24. Bxc3 Nc6 25. Ra4 Ne5 26. Rd5 Nf7 27. Bxg7
Kxg7 28. Rxc4 Rxb2 29. Rc7 Kf6 30. Nd3 Ra2 31. Nc5 Rxd6 32. Rxd6+ Nxd6 33.
Nxd7+ Kg5 34. f4+ Kh5 35. Nf8 Ra1+ 36. Kg2 Ra2+ 37. Kh3 g5 38. Rxh7# 1-0

[Event "Orsha 2017 Masters"]
[Site "Orsha"]
[Date "2017.01.24"]
[Round "7.3"]
[White "Martynyuk, Elizaveta"]
[Black "Yashmetov, Mikhail"]
[Result "0-1"]
[WhiteElo "2171"]
[BlackElo "2277"]
[PlyCount "70"]
[EventDate "2017.01.20"]

1. e4 c5 2. Nf3 e6 3. d4 cxd4 4. Nxd4 a6 5. Bd3 Bc5 6. Nb3 Be7 7. c4 d6 8. Nc3
Nf6 9. O-O Qc7 10. Be3 b6 11. f4 Bb7 12. Qf3 Nbd7 13. Rae1 h5 14. Bd4 g6 15.
Qe2 O-O 16. h3 e5 17. Be3 exf4 18. Bxf4 Ne5 19. Nd5 Nxd5 20. Bxe5 dxe5 21. exd5
Rae8 22. Nd2 Bh4 23. Rd1 f5 24. Ne4 Bd8 25. Nc3 e4 26. Bc2 Qd6 27. g4 Qg3+ 28.
Qg2 Qe3+ 29. Kh1 hxg4 30. hxg4 Kg7 31. Rf2 Rh8+ 32. Kg1 Rh3 33. Ne2 Bh4 34. Kf1
Bxf2 35. Qxf2 Rf3 0-1

[Event "Orsha 2017 Masters"]
[Site "Orsha"]
[Date "2017.01.24"]
[Round "7.5"]
[White "Poley, Vladimir"]
[Black "Petrov, Dmitri"]
[Result "1/2-1/2"]
[WhiteElo "2275"]
[BlackElo "2204"]
[PlyCount "110"]
[EventDate "2017.01.20"]

1. d4 d5 2. Nf3 Nf6 3. e3 c6 4. b3 g6 5. Bb2 Bg7 6. h3 O-O 7. Be2 a6 8. O-O b5
9. Ne5 Bb7 10. Nd2 Nbd7 11. f4 Qc7 12. Qe1 c5 13. Rc1 c4 14. Nxd7 Nxd7 15. Nf3
Nf6 16. Bc3 a5 17. Qd1 b4 18. Be1 c3 19. a3 Rfc8 20. Ra1 Qd6 21. axb4 axb4 22.
Ne5 Rxa1 23. Qxa1 Ra8 24. Qd1 e6 25. g4 Ne4 26. Nd3 Ra3 27. Kg2 Ba6 28. Rh1 Bb5
29. h4 f6 30. g5 f5 31. h5 Ra7 32. Bf2 Ra2 33. Qb1 Ra7 34. hxg6 hxg6 35. Qg1
Bxd3 36. Bxd3 Bxd4 37. Qh2 Bg7 38. Qh7+ Kf7 39. Rh6 e5 40. Be2 exf4 41. exf4
Qxf4 42. Qxg6+ Kf8 43. Bxa7 Qg3+ 44. Kh1 Qe1+ 45. Bg1 Ng3+ 46. Kg2 Qxe2+ 47.
Bf2 Qe4+ 48. Kg1 Ne2+ 49. Kf1 Ng3+ 50. Bxg3 Qf3+ 51. Bf2 Qd1+ 52. Kg2 Qg4+ 53.
Kf1 Qd1+ 54. Kg2 Qg4+ 55. Kf1 Qd1+ 1/2-1/2

[Event "Orsha 2017 Masters"]
[Site "Orsha"]
[Date "2017.01.25"]
[Round "8.1"]
[White "Goltseva, Ekaterina"]
[Black "Petrov, Dmitri"]
[Result "1-0"]
[WhiteElo "2129"]
[BlackElo "2204"]
[PlyCount "67"]
[EventDate "2017.01.20"]

1. d4 d5 2. c4 c6 3. cxd5 cxd5 4. Bf4 Nc6 5. e3 Nf6 6. Nc3 a6 7. Be2 e6 8. Rc1
Be7 9. h3 O-O 10. Nf3 Bd7 11. O-O b5 12. Ne5 Qb6 13. Bg5 Rfd8 14. Bd3 Be8 15.
Bb1 Rac8 16. f4 Qb7 17. f5 b4 18. fxe6 fxe6 19. Bxf6 Bxf6 20. Qd3 g6 21. Rxf6
Qe7 22. Ng4 bxc3 23. bxc3 Kg7 24. Rcf1 Nb8 25. Qd2 h5 26. Ne5 Nd7 27. Nxg6 Qxf6
28. Rxf6 Nxf6 29. Ne5 Rb8 30. Qe1 Kf8 31. Bd3 Ke7 32. Qg3 Ne4 33. Qg7+ Kd6 34.
c4 1-0

[Event "Orsha 2017 Masters"]
[Site "Orsha"]
[Date "2017.01.25"]
[Round "8.2"]
[White "Shvyrjov, Igor"]
[Black "Poley, Vladimir"]
[Result "1-0"]
[WhiteElo "2410"]
[BlackElo "2275"]
[PlyCount "79"]
[EventDate "2017.01.20"]

1. e4 g6 2. d4 Bg7 3. Nc3 c6 4. h4 d5 5. e5 h5 6. Nf3 Bg4 7. Be2 Bxf3 8. Bxf3
e6 9. Bg5 Qb6 10. Qd2 Nd7 11. Na4 Qc7 12. O-O b5 13. Nc3 Rb8 14. a4 b4 15. Ne2
Ne7 16. c4 bxc3 17. bxc3 Nb6 18. Rfb1 Kd7 19. Nf4 Nc4 20. Qc1 Rxb1 21. Rxb1 Rb8
22. Rxb8 Qxb8 23. Nd3 Nf5 24. Nc5+ Ke8 25. Be2 Na5 26. g4 hxg4 27. Bxg4 Bf8 28.
Bxf5 exf5 29. Nd3 Qb3 30. e6 Qxa4 31. exf7+ Kxf7 32. Ne5+ Kg8 33. Nxg6 Nc4 34.
Qe1 Kf7 35. Nf4 Kg7 36. Qe6 Qd1+ 37. Kh2 Bd6 38. Bh6+ Kh7 39. Qf7+ Kxh6 40.
Qg6# 1-0

[Event "Orsha 2017 Masters"]
[Site "Orsha"]
[Date "2017.01.25"]
[Round "8.3"]
[White "Yashmetov, Mikhail"]
[Black "Kochetkov, German"]
[Result "1-0"]
[WhiteElo "2277"]
[BlackElo "2304"]
[PlyCount "59"]
[EventDate "2017.01.20"]

1. Nf3 Nf6 2. b3 g6 3. Bb2 Bg7 4. g3 O-O 5. Bg2 c5 6. O-O d5 7. c4 d4 8. b4 Nc6
9. bxc5 Nd7 10. d3 Nxc5 11. Nbd2 a5 12. Ba3 Nb4 13. Nb3 Na4 14. Nbxd4 Nc3 15.
Qd2 Bg4 16. h3 Bxf3 17. Nxf3 e5 18. Bb2 Ncxa2 19. Bxe5 Bxe5 20. Nxe5 Qd4 21.
Nf3 Qc3 22. Rxa2 Nxa2 23. Qxa2 a4 24. Qa1 Qa5 25. Ne5 Rfe8 26. Bd5 Re7 27. Ng4
h5 28. Qf6 hxg4 29. Qxe7 Rf8 30. hxg4 1-0

[Event "Orsha 2017 Masters"]
[Site "Orsha"]
[Date "2017.01.25"]
[Round "8.4"]
[White "Kononenko, Dmitry"]
[Black "Martynyuk, Elizaveta"]
[Result "1-0"]
[WhiteElo "2280"]
[BlackElo "2171"]
[PlyCount "75"]
[EventDate "2017.01.20"]

1. Nf3 d5 2. c4 c6 3. g3 Nf6 4. Bg2 Bf5 5. O-O e6 6. b3 h6 7. Bb2 Nbd7 8. d3
Bd6 9. Nc3 O-O 10. e4 Bg4 11. h3 Bh5 12. g4 Bg6 13. Re1 dxe4 14. dxe4 Qc7 15.
Qe2 e5 16. Nh4 Rad8 17. Rad1 a5 18. Nf5 Bxf5 19. exf5 Rfe8 20. Ne4 Nxe4 21.
Bxe4 Bb4 22. Rf1 Bc5 23. Rd3 Bd4 24. Bc1 Nc5 25. Rg3 Nxe4 26. Qxe4 f6 27. h4
Bc5 28. g5 Rd4 29. Qg2 hxg5 30. hxg5 fxg5 31. Be3 Be7 32. Bxd4 exd4 33. Qe4 Qd6
34. Re1 Kf7 35. f6 gxf6 36. Rh3 f5 37. Qxf5+ Qf6 38. Rxe7+ 1-0

[Event "Orsha 2017 Masters"]
[Site "Orsha"]
[Date "2017.01.25"]
[Round "8.5"]
[White "Timerkhanov, Alexander"]
[Black "Drogovoz, Irina"]
[Result "1/2-1/2"]
[WhiteElo "2360"]
[BlackElo "2193"]
[PlyCount "113"]
[EventDate "2017.01.20"]

1. d4 Nf6 2. Bg5 d5 3. e3 c5 4. Bxf6 gxf6 5. dxc5 e6 6. c4 dxc4 7. Qxd8+ Kxd8
8. Bxc4 Bxc5 9. Nf3 Ke7 10. Ke2 Bd7 11. Nbd2 Nc6 12. a3 a5 13. Rac1 Ba7 14. Bd3
h6 15. Ne4 Rhc8 16. g4 Ne5 17. Nxe5 fxe5 18. h4 f5 19. gxf5 exf5 20. Nc3 e4 21.
Bb1 Be6 22. Rhd1 Bb3 23. Rg1 Bc4+ 24. Ke1 Kf7 25. h5 Rg8 26. Rg6 Rac8 27. Rxg8
Rxg8 28. Ne2 Bd5 29. Rc7+ Kf6 30. Rh7 Bb8 31. Rxh6+ Kg5 32. Rb6 Bc7 33. Rb5 Bc6
34. Rc5 Bb6 35. Ba2 Bxc5 36. Bxg8 Kxh5 37. Be6 Kg5 38. Bc8 b5 39. Nf4 Kf6 40.
Nh5+ Ke5 41. Ba6 b4 42. axb4 Bxb4+ 43. Ke2 Bd5 44. Nf4 Bb3 45. f3 a4 46. fxe4
fxe4 47. Bd3 Kf5 48. Bb1 Bd6 49. Kd2 Bxf4 50. exf4 Kxf4 51. Kc1 e3 52. Bd3 Be6
53. Kd1 Ke5 54. Bb5 Bb3+ 55. Ke1 Kd5 56. Be8 Bc2 57. Ke2 1/2-1/2

[Event "Orsha 2017 Masters"]
[Site "Orsha"]
[Date "2017.01.26"]
[Round "9.1"]
[White "Drogovoz, Irina"]
[Black "Goltseva, Ekaterina"]
[Result "1/2-1/2"]
[WhiteElo "2193"]
[BlackElo "2129"]
[PlyCount "35"]
[EventDate "2017.01.20"]

1. d4 d5 2. Nf3 Nf6 3. g3 b5 4. Bg2 Bb7 5. Ne5 e6 6. c4 bxc4 7. Nxc4 c6 8. Ne5
Bd6 9. Nd3 Nbd7 10. Qc2 c5 11. dxc5 Nxc5 12. O-O Nxd3 13. Qxd3 O-O 14. Nc3 Nd7
15. Be3 Ne5 16. Qc2 Nc4 17. Bc1 Rc8 18. b3 1/2-1/2

[Event "Orsha 2017 Masters"]
[Site "Orsha"]
[Date "2017.01.26"]
[Round "9.2"]
[White "Martynyuk, Elizaveta"]
[Black "Timerkhanov, Alexander"]
[Result "0-1"]
[WhiteElo "2171"]
[BlackElo "2360"]
[PlyCount "90"]
[EventDate "2017.01.20"]

1. e4 c6 2. Nc3 d5 3. Nf3 Bg4 4. h3 Bxf3 5. Qxf3 e6 6. d4 Nf6 7. e5 Nfd7 8. Bf4
c5 9. dxc5 Nc6 10. Qg3 Nxc5 11. O-O-O Qa5 12. Kb1 O-O-O 13. a3 Qb6 14. Nb5 Ne4
15. Qb3 Bc5 16. Be3 Bxe3 17. fxe3 Nf2 18. Bd3 Nxh1 19. Rxh1 Kb8 20. Qc3 a6 21.
Nd6 Rhf8 22. Rf1 f6 23. Rf4 fxe5 24. Rf7 Rxf7 25. Nxf7 Re8 26. Nxe5 Nxe5 27.
Qxe5+ Qc7 28. Qd4 g6 29. Qa4 Qc6 30. Qf4+ e5 31. Qf7 e4 32. Be2 h5 33. g4 Qe6
34. Qg7 h4 35. Qh6 Qf6 36. g5 Rh8 37. Qxh4 Rxh4 38. gxf6 Rxh3 39. Bg4 Rh1+ 40.
Ka2 Kc7 41. f7 Rf1 42. c4 dxc4 43. Be6 b5 44. Bd5 g5 45. a4 Kd6 0-1

[Event "Orsha 2017 Masters"]
[Site "Orsha"]
[Date "2017.01.26"]
[Round "9.3"]
[White "Kochetkov, German"]
[Black "Kononenko, Dmitry"]
[Result "0-1"]
[WhiteElo "2304"]
[BlackElo "2280"]
[PlyCount "68"]
[EventDate "2017.01.20"]

1. f4 e5 2. fxe5 Nc6 3. Nf3 g5 4. d4 g4 5. Ng5 d5 6. exd6 Bxd6 7. d5 Nb4 8. Nc3
f5 9. a3 h6 10. axb4 hxg5 11. Qd4 Qf6 12. Qxf6 Nxf6 13. Bxg5 Kf7 14. Nb5 Be5
15. Bxf6 Kxf6 16. c3 Bd7 17. e3 Bxh2 18. Rxh2 Rxh2 19. Nxc7 Rc8 20. d6 Bc6 21.
Kf2 Ke5 22. Rxa7 Kxd6 23. Nb5+ Ke5 24. Ra5 Kf6 25. Na7 Rd8 26. Nxc6 bxc6 27.
Ra6 Rd2+ 28. Kg3 Rh1 29. Bb5 Kg5 30. Bxc6 Re1 31. b5 Rxe3+ 32. Kh2 f4 33. b4
Rh3+ 34. Kg1 Rh1+ 0-1